000 00676nam a2200217 u 4500
005 20221115063524.0
008 121012s2011 es r 000 0 spa d
020 _a9788468300122
035 _aUPN01000187449
049 _aI
050 4 _aPZ76.3
_bA4.24
100 1 _aAliaga, Roberto,
_d1976-
_933023
245 1 3 _aUn camaleón en la escuela de los gatos /
_cRoberto Aliaga ; il. de Roger Olmos.
260 _aBarcelona, Esp. :
_bEdebé,
_c2011.
300 _a[28] p. :
_bil. col.
440 0 _aMis cuentos favoritos.
_pTren azul
650 7 _aAnimales
_vLiteratura infantil
_2
_91061
650 4 _aHUMORISMO INFANTIL
_915728
905 _aInfantil
999 _c159552
_d159552